000 00715cam a2200229 a 4500
001 000009101
005 20200929161503.0
008 860605s1994 sp a b 001 0 spa
020 _a843200751X
040 _aDO-SdBNP
_dBNPHU
082 _a863.64
_bS211g, 1994
100 1 _aSánchez Dragó, Fernando,
_d1936-
_922410
245 1 0 _aGárgoris y Habidis :
_buna historia mágica de España /
_cFernando Sánchez Dragó.
250 _a3a ed.
260 _aBarcelona :
_bPlaneta,
_c1994.
300 _a949 p. ;
_c19 cm.
490 1 _aPlaneta Bolsillo
_v391
650 4 _aNovela española
_91123
650 4 _aLiteratura española
_9632
830 0 _aPlaneta Bolsillo ;
_v391
_921968
910 _aCatalogación derivada
999 _c8865
_d8865